00277nam a22000977a 4500082001200000100001700012245006900029260004100098650002200139700001800161 aTHE 200 aAnees Akbar  aTH-SOF-0777-IDENTIFICATION OF KEY EXTRINSIC MOTIVATIONAL FACTORS aNUST COLLEGE OF EMEbISLAMABADc2001 a MS-EM-3 MSTHESIS aDr Nawar Khan